000 00748nam a22002057a 4500
003 URS
005 20250820111152.0
008 250819b |||||||| |||| 00| 0 eng d
050 0 0 _aLG 221.R59
_bAn876 2010
100 0 0 _aAntipata, Jade Mark l.
_eResearcher
245 1 0 _aMga kadahilanan ng pag hinto ng pag aaral sa high school/
_cJade Mark L. Antipara...[et.al.]
260 1 _c2010
300 _a21 leaves;
_c28 cm,
_billustrations,
336 _2rdacontent
_atext
337 _2rdamedia
_aunmediated
338 _2rdacarrier
_ardacarrier
502 _aUndergraduate Thesis
_bBatsilyer ng Edukasyong Pansekondarya Medyor sa Filipino
_cUniversity of Rizal System, Rodriguez, Rizal
_d2010
650 _2 Paghinto ng pag-aaral
942 _2lcc
_cT
999 _c84044
_d84042